|
|
|
|
| LEADER |
00000cam a2200000 c 4500 |
| 001 |
1651442371 |
| 003 |
DE-627 |
| 005 |
20241202205638.0 |
| 007 |
tu |
| 008 |
901221s1989 xx ||||| 00| ||eng c |
| 020 |
|
|
|a 0292781105
|9 0-292-78110-5
|
| 035 |
|
|
|a (DE-627)1651442371
|
| 035 |
|
|
|a (DE-576)022667563
|
| 035 |
|
|
|a (DE-599)BSZ022667563
|
| 035 |
|
|
|a (OCoLC)21256129
|
| 040 |
|
|
|a DE-627
|b ger
|c DE-627
|e rakwb
|
| 041 |
|
|
|a eng
|
| 082 |
0 |
|
|a 976.4
|
| 100 |
1 |
|
|8 1\p
|a Webb, Walter Prescott
|d 1888-1963
|0 (DE-588)120514370
|0 (DE-627)13912652X
|0 (DE-576)213250829
|4 aut
|
| 109 |
|
|
|a Webb, Walter Prescott 1888-1963
|a Webb, Walter P. 1888-1963
|
| 245 |
1 |
4 |
|a The Texas rangers
|b a century of frontier defense
|c by Walter Prescott Webb
|
| 250 |
|
|
|a 2. ed., 12. print.
|
| 264 |
|
1 |
|a Austin
|b Univ. of Texas Pr.
|c 1989
|
| 300 |
|
|
|a XX, 583 S.
|
| 336 |
|
|
|a Text
|b txt
|2 rdacontent
|
| 337 |
|
|
|a ohne Hilfsmittel zu benutzen
|b n
|2 rdamedia
|
| 338 |
|
|
|a Band
|b nc
|2 rdacarrier
|
| 583 |
1 |
|
|a Archivierung prüfen
|c 20200919
|f DE-640
|z 1
|2 pdager
|
| 883 |
|
|
|8 1\p
|a cgwrk
|d 20241001
|q DE-101
|u https://d-nb.info/provenance/plan#cgwrk
|
| 951 |
|
|
|a BO
|
| ELC |
|
|
|b 1
|
| LOK |
|
|
|0 000 xxxxxcx a22 zn 4500
|
| LOK |
|
|
|0 001 3348659191
|
| LOK |
|
|
|0 003 DE-627
|
| LOK |
|
|
|0 004 1651442371
|
| LOK |
|
|
|0 005 20151020094357
|
| LOK |
|
|
|0 008 901221||||||||||||||||ger|||||||
|
| LOK |
|
|
|0 040
|a DE-21
|c DE-627
|d DE-21
|
| LOK |
|
|
|0 852
|a DE-21
|
| LOK |
|
|
|0 852 1
|c KB 18 A 7248
|9 00
|
| LOK |
|
|
|0 935
|a krim
|
| LOK |
|
|
|0 939
|a 21-12-90
|b l01
|
| ORI |
|
|
|a SA-MARC-krimdoka001.raw
|
| SIG |
|
|
|a UB: KB 18 A 7248
|